Los amantes de Teruel ; (Record n. 10989)
[ formato base ]
| 000 -LEADER | |
|---|---|
| fixed length control field | 00817nam a2200229 i 4500 |
| 003 - CONTROL NUMBER IDENTIFIER | |
| control field | IT-RoINE |
| 005 - DATE AND TIME OF LATEST TRANSACTION | |
| control field | 20160219101928.0 |
| 008 - FIXED-LENGTH DATA ELEMENTS--GENERAL INFORMATION | |
| fixed length control field | 920725s1954 sp r d spa d |
| 040 ## - CATALOGING SOURCE | |
| Original cataloging agency | SpMaBN |
| Transcribing agency | A2 IT-RoINE |
| Modifying agency | IT-RoINE |
| 100 1# - MAIN ENTRY--PERSONAL NAME | |
| Personal name | Hartzenbusch, Juan Eugenio, |
| Dates associated with a name | 1806-1880 |
| 9 (RLIN) | 16350 |
| 245 14 - TITLE STATEMENT | |
| Title | Los amantes de Teruel ; |
| Remainder of title | La Jura en Santa Gadea / |
| Statement of responsibility, etc | J.E. Hartzenbusch ; introducción y notas de Álvaro Gil Albacete. |
| 260 ## - PUBLICATION, DISTRIBUTION, ETC. (IMPRINT) | |
| Place of publication, distribution, etc | Madrid : |
| Name of publisher, distributor, etc | Espasa Calpe, |
| Date of publication, distribution, etc | 1954. |
| 300 ## - PHYSICAL DESCRIPTION | |
| Extent | XXXVII, 209 p. ; |
| Dimensions | 19 cm. |
| 336 ## - CONTENT TYPE | |
| Source | rdacontent |
| Content type term | text |
| 337 ## - MEDIA TYPE | |
| Source | rdamedia |
| Media type term | unmediated |
| 338 ## - CARRIER TYPE | |
| Source | rdacarrier |
| Carrier type term | volume |
| 490 1# - SERIES STATEMENT | |
| Series statement | Clásicos castellanos ; |
| Volume number/sequential designation | 113 |
| 700 1# - ADDED ENTRY--PERSONAL NAME | |
| Personal name | Gil Albacete, Álvaro |
| 9 (RLIN) | 22627 |
| 730 3# - ADDED ENTRY--UNIFORM TITLE | |
| Uniform title | La Jura en Santa Gadea |
| 9 (RLIN) | 22648 |
| 830 #0 - SERIES ADDED ENTRY--UNIFORM TITLE | |
| 9 (RLIN) | 22520 |
| Uniform title | Clásicos castellanos (Espasa-Calpe) ; |
| Volume number/sequential designation | 113 |
| 942 ## - ADDED ENTRY ELEMENTS (KOHA) | |
| Item type | Monografías |
| Withdrawn status | Lost status | Damaged status | Not for loan | Home library | Current library | Date acquired | Total Checkouts | Full call number | Barcode | Date last seen | Price effective from | Koha item type |
|---|---|---|---|---|---|---|---|---|---|---|---|---|
| Iglesia Nacional Española en Roma | Iglesia Nacional Española en Roma | 16/02/2016 | COL.A 31.113 | 19634 | 16/02/2016 | 16/02/2016 | Monografías |